Datum a čas kvízu
39
Celkem bodů
Celkový počet nahraných bodů na tomto kvízu bez doplňovacích otázek.
6.
Pořadí na kvízu
Konečné umístění týmu na tomto kvízu.
Zaznamenané odpovědi
| # | Otázka | Odpověď | Body | Výsledky |
|---|---|---|---|---|
| 1. | Česká pošta vydala u příležito... | Jiří Suchý | 1 | |
| 2. | Vláda jisté země dala ve čtvrt... | Francisco Franco | 1 | |
| 3. | V neděli měl vystoupit známý č... | David Černý | 1 | |
| 4. | Před měsícem vzbudila rozruch... | 1 | ||
| 5. | Vladimír Růžička se po půl roc... | Hradec Králové | 1 | |
| 6. | Druhý díl naší cesty kolem svě... | Srí Lanka (do r. 1972 Cejlon) | 1 | |
| 7. | Pokračujeme dále do jihovýchod... | Thajsko | 0 | |
| 8. | Další dvě otázky budou patřit... | Medvídek Pú | 1 | |
| 9. | Jakou barvou je přibližně vyz... | žlutou barvou | 1 | |
| 10. | Dnešní putování zakončíme v Mo... | z kobylího mléka | 1 |